| 000 | 00525nam a2200157 4500 | ||
|---|---|---|---|
| 001 | 126545 | ||
| 003 | ES-MaACL | ||
| 005 | 20230906192834.0 | ||
| 007 | t| | ||
| 008 | 070214s1968 sp r ||||1| spa d | ||
| 245 | 0 | 0 | _aReunión de estudio sobre la adaptación de la empresa agraria española al desarrollo económico-social. |
| 260 |
_aMadrid : _bInstituto de Estudios Agro-Sociales, _c1968. |
||
| 300 |
_a360 p. ; _c24 cm. |
||
| 710 | 2 |
_aInstituto de Estudios Agro-Sociales. _94883 |
|
| 852 |
_aES-MaACL _jC-46666 _bR.67876 |
||
| 999 |
_c126545 _d126545 |
||